Elsüllyedt páncélosnaszád kiemelése

Elmentve itt :
Bibliográfiai részletek
Szerzők: Bognár Jenő
Molnár Iván
Dokumentumtípus: Cikk
Megjelent: 1948
Sorozat:Honvéd : katonai folyóirat 3 No. 11-12
Kulcsszavak:Hadtudomány
Online Access:http://misc.bibl.u-szeged.hu/14446
LEADER 00605nab a2200181 i 4500
001 misc14446
005 20191106141754.0
008 170607s1948 hu o 0|| hun d
040 |a SZTE Miscellanea Repozitórium  |b hun 
041 |a hun 
100 1 |a Bognár Jenő 
245 1 0 |a Elsüllyedt páncélosnaszád kiemelése  |h [elektronikus dokumentum] /  |c  Bognár Jenő 
260 |c 1948 
300 |a 37-38 
490 0 |a Honvéd : katonai folyóirat  |v 3 No. 11-12 
695 |a Hadtudomány 
700 0 1 |a Molnár Iván  |e aut 
856 4 0 |u http://misc.bibl.u-szeged.hu/14446/1/honved_003_011_012_037-038.pdf  |z Dokumentum-elérés